000 00211 a2200097 4500
001 46931
100 _aRees D
245 _aKorea the limited war
260 _aLondon
_bMacmillan & Co
_c
090 _c30009
_d30009
942 _aNUST-CAE
_cM
_c22236
999 _c282004
_d282004